| 000 | 01026nam a2200313 i 4500 | ||
|---|---|---|---|
| 001 | 8914 | ||
| 003 | KOSZ 005 | ||
| 005 | 20220608113451.0 | ||
| 008 | 070719s1970 pl a f 001 0 pol | ||
| 015 | _aPB 1970/7646 | ||
| 040 |
_aWA N _cWA N _dKOSZ 005/RW _dKOSZ 005/HR |
||
| 080 | _a62-5 | ||
| 080 | _a681.5 | ||
| 080 | _a004.31 | ||
| 100 | 1 |
_aJaczewski, Jerzy _d(1918-2000) _eAutor |
|
| 245 | 1 | 0 |
_aUkłady logiczne dla zastosowań przemysłowych / _cJerzy Jaczewski. |
| 260 |
_aWarszawa : _bPaństwowe Wydawnictwo Naukowe, _c1970. |
||
| 300 |
_a284, [3] s., [1] k. tabl. : _bil. ; _c24 cm. |
||
| 380 | _aKsiążki | ||
| 388 | _a1901-2000 | ||
| 388 | _a1945-1989 | ||
| 504 | _aBibliogr. s. [265]-276. Indeks. | ||
| 650 | 4 | _aAutomatyka | |
| 650 | 4 | _aUkład logiczny | |
| 658 | _aInżynieria i technika | ||
| 710 | 2 |
_aPaństwowe Wydawnictwo Naukowe _4pbl. |
|
| 856 |
_uhttp://koha.tu.koszalin.pl/cgi-bin/koha/opac-detail.pl?biblionumber=8914 _yKatalog online BPK |
||
| 942 |
_2UKD _cKS |
||
| 999 |
_c8914 _d8914 |
||